Pokračovanie aktuálnej reformy verejnej správy v kontexte programu ESO

Analýza aktuálnej reformy verejnej správy v kontexte platnej legislatívy.

Gespeichert in:
Bibliographische Detailangaben
1. Verfasser: Hrtánek, Ladislav
Format: Buchkapitel
Sprache:Slowakisch
Schlagworte:
Tags: Tag hinzufügen
Keine Tags, Fügen Sie das erste Tag hinzu!

MARC

LEADER 00000naa a2200000 4500
001 0192605
005 20221020081700.7
041 0 |a slo 
044 |a SK 
245 1 0 |a Pokračovanie aktuálnej reformy verejnej správy v kontexte programu ESO  |c Ladislav Hrtánek 
520 |a Analýza aktuálnej reformy verejnej správy v kontexte platnej legislatívy. 
610 2 0 |a Slovensko 
610 2 0 |a dokumenty vládne 
610 2 0 |a reformy štruktúrne 
610 2 0 |a správa verejná 
610 2 0 |a správa štátna 
100 1 |a Hrtánek, Ladislav